Diez palabras clave sobre la violencia de género /

Guardado en:
Autor Principal: Bautista Parejo, Esperanza
Formato: Libro
Publicado: Madrid, Verbo Divino, 2012
Materias:
Etiquetas: Agregar Etiqueta
Sin Etiquetas, Sea el primero en etiquetar este registro!
LEADER 00802nam a22003015a 4500
001 CEM.cems014159
008 130507s2012##################000#0#####d
005 20210804185839.0
003 CEMS
245 1 0 |a Diez palabras clave sobre la violencia de género /  |c Esperanza Bautista Parejo 
260 |a Madrid, Verbo Divino,  |c 2012 
300 |a 402 p. 
590 |a 1209.013 
020 |a 9788499455754 
100 1 |a Bautista Parejo, Esperanza 
653 |a Violencia de género 
653 |a Marginación 
653 |a Religión 
653 |a Biblia 
653 |a Corán 
653 |a Ética 
653 |a Sociología 
653 |a Psicología 
653 |a Política 
653 |a Derecho 
653 |a Enseñanza 
653 |a Biblioteca TC 
859 |a CEMS  |b BIB. CEMS - 11 de abril  |h TC  |p 1209.013  |t Ej.1